[Event "Mittelrhein Verbandsliga-W 17/18"]
[Site "Nordrheinwestfalen"]
[Date "2017.10.22"]
[Round "3.1"]
[White "Voulon, Oliver"]
[Black "Buechel, Juergen"]
[Result "1/2-1/2"]
[WhiteElo "2014"]
[BlackElo "1848"]
[PlyCount "102"]
[EventDate "2017.09.10"]
[EventType "team-tourn"]
[EventRounds "11"]
[EventCountry "GER"]
[SourceTitle "EXT 2022"]
[Source "ChessBase"]
[SourceDate "2021.10.06"]
[SourceVersion "1"]
[SourceVersionDate "2021.10.06"]
[SourceQuality "1"]
[WhiteTeam "Lendersdorf"]
[BlackTeam "Dueren Derichsweiler"]
[WhiteTeamCountry "GER"]
[BlackTeamCountry "GER"]

1. d4 Nf6 2. Nf3 g6 3. c4 Bg7 4. Nc3 d5 5. cxd5 Nxd5 6. e4 Nxc3 7. bxc3 c5 8. Bb5+ Nd7 9. 0-0 0-0 10. a4 a6 11. Be2 cxd4 12. cxd4 b6 13. e5 Bb7 14. e6 fxe6 15. Ng5 Bd5 16. Bg4 Rf6 17. Re1 Nf8 18. h4 h6 19. Ne4 Rf7 20. f4 Qc7 21. Ra3 Qb7 22. Bf3 Rd8 23. Rd3 Nd7 24. Ng3 Nf6 25. Rxe6 Bxf3 26. Rxf3 Qd7 27. Rxb6 Qxd4+ 28. Qxd4 Rxd4 29. Rxa6 Nd5 30. a5 Kh7 31. Ne2 Rd1+ 32. Rf1 Rxf1+ 33. Kxf1 e5 34. g3 exf4 35. gxf4 g5 36. hxg5 hxg5 37. Rd6 Nxf4 38. Nxf4 gxf4 39. Kf2 Be5 40. Re6 Bd4+ 41. Kf3 Rd7 42. Bxf4 Kg7 43. a6 Kf7 44. Rh6 Bc5 45. Ke4 Ke8 46. Rc6 Bf2 47. Bc7 Ke7 48. Bb6 Bxb6 49. Rxb6 Rd1 50. Ke5 Kd7 51. a7 Ra1 1/2-1/2

[Event "Mittelrhein Verbandsliga-W 15/16"]
[Site "Nordrheinwestfalen"]
[Date "2016.03.13"]
[Round "9.3"]
[White "Buechel, Juergen"]
[Black "Horbach, Fabian"]
[Result "1/2-1/2"]
[WhiteElo "1865"]
[BlackElo "2006"]
[PlyCount "62"]
[EventDate "2015.09.06"]
[EventType "team-tourn"]
[EventRounds "11"]
[EventCountry "GER"]
[SourceTitle "EXT 2022"]
[Source "ChessBase"]
[SourceDate "2021.10.06"]
[SourceVersion "1"]
[SourceVersionDate "2021.10.06"]
[SourceQuality "1"]
[WhiteTeam "Dueren Derichsweiler"]
[BlackTeam "Herzogenrath"]
[WhiteTeamCountry "GER"]
[BlackTeamCountry "GER"]

1. b4 Nf6 2. Bb2 d5 3. e3 Bf5 4. Nf3 e6 5. b5 Bd6 6. c4 0-0 7. Be2 Nbd7 8. 0-0 h6 9. a4 Qe7 10. d4 dxc4 11. Bxc4 Rad8 12. Qb3 e5 13. dxe5 Nxe5 14. Nxe5 Bxe5 15. Nc3 Ng4 16. g3 Nxh2 17. Nd5 Rxd5 18. Bxd5 Nxf1 19. Rxf1 Bxb2 20. Qxb2 Be4 21. Qd4 Bxd5 22. Qxd5 b6 23. Qb7 Qc5 24. Qxa7 h5 25. Qb7 Rd8 26. Qe4 g6 27. Rb1 Kg7 28. Rb4 Rd1+ 29. Kg2 Qc1 30. Rd4 Rxd4 31. Qxd4+ Kg8 1/2-1/2

[Event "Mittelrhein Regionalliga 1415"]
[Site "Mittelrhein"]
[Date "2015.03.15"]
[Round "8.8"]
[White "Koch, Matthias1111"]
[Black "Buechel, Juergen"]
[Result "1/2-1/2"]
[WhiteElo "1978"]
[BlackElo "1855"]
[PlyCount "22"]
[EventDate "2014.09.28"]
[EventType "team-tourn"]
[EventRounds "9"]
[EventCountry "GER"]
[SourceTitle "EXT 2023"]
[Source "ChessBase"]
[SourceDate "2022.10.05"]
[SourceVersion "1"]
[SourceVersionDate "2022.10.05"]
[SourceQuality "1"]
[WhiteTeam "Bonn Beuel"]
[BlackTeam "Aachen DJK Aufwaerts III"]
[WhiteTeamCountry "GER"]
[BlackTeamCountry "GER"]

1. e4 d5 2. exd5 Qxd5 3. Nc3 Qa5 4. d4 Nf6 5. Bc4 c6 6. Nf3 Bg4 7. h3 Bxf3 8. Qxf3 e6 9. 0-0 Nbd7 10. Re1 Be7 11. Bf4 0-0 1/2-1/2